Gaming Quiz

Random Gaming or Mario Quiz

Super Mario Logan Characters Quiz Stats

Quiz not verified by Sporcle

Challenge
Share
Tweet
Embed
Score 0/97 Timer 15:00
0 Plays Today
Hint Answer % Correct
Main Character(This is obvious...)Mario
97.6%
Main Villain(Obvious again...)Bowser
93.4%
Jeffy
85.6%
Cody
81.7%
Junior
75.8%
Chef Pee Pee
72.7%
Joseph
72.2%
Rosalina
68.8%
Black Yoshi
67.6%
Toad
65.5%
Shrek
64.2%
Brooklyn Guy
59.3%
Woody
58.6%
Peach
57.3%
Mr Goodman
55.5%
Luigi
55%
Jackie Chu
49.7%
Mama Luigi
44.2%
Patrick
42.8%
Ken
41.1%
Tony
40.8%
Bully Bill
37.1%
Tyrone Nutkiss
36.3%
Toadette
33.3%
Judy Nutkiss
31.4%
Craig The Devil
30.3%
Charleyyy
30.3%
Atso
29.9%
Mr Pig
27.7%
Wario
27.6%
Sonic The Hedgehog
25.1%
Waluigi
24.4%
Candy
22.7%
Hint Answer % Correct
Chef Poo Poo
22.4%
Joseph's Mom
22.2%
Daisy
21.8%
Goomba
19.3%
Dolphin
18.8%
Blue
16.8%
Tony The Tiger
16.7%
Chompy
16.5%
Joseph's Dad
15.3%
Principal Steinbeck
14.8%
Nancy Jeffy
13.9%
Donkey Kong
13.7%
Candy's Dad
13.6%
Mickey Mouse
13.2%
Big Red
13.2%
Chris The Cucumber
13.1%
The Rat
12.9%
Generic Pig
12.6%
Harold Wilfred
12.3%
Candy's Mom
10.9%
Goofy
10.9%
White Yoshi
10.6%
Diddy Kong
10.4%
Pee Pee Sucks
10%
King Strongbottom
10%
Melvin
9.5%
Yellow Toad
9.3%
Robot Chef Pee Pee
9.2%
Shrimpo
8.9%
Blue Toad
8.8%
Speedy
8.8%
Baby Peach
8.6%
Elmo
8.6%
Hint Answer % Correct
Freddy
8.6%
Blue Yoshi
8.1%
Bowser's Mom
8.1%
Katy
8%
Ray
8%
Taliban
7.5%
Chica
7.4%
Chad
7.2%
Samantha
7%
Skittles
6.7%
Poof
6.7%
The Cat In The Hat
6.6%
Koopa Troopa
6%
Stacy
5.9%
Noquiero Taco Bell
5.8%
Delilah
5.7%
Yellow Yoshi
5.7%
Turkey
5.6%
King Pig
5.6%
Pac-Man
5.3%
Wormy
5.1%
Helmet Pig
5%
Banzai Bill
4.9%
Corn Dog God
4.1%
Mr. Magoo
4%
Greg
3.6%
Dark Matter In My Shorts
3.4%
Seagull
3.1%
La Poo
2.8%
Chadwick
2.8%
Mr. Corndog
2.3%

You're not logged in!

Compare scores with friends on all Sporcle quizzes.
Join for Free
OR
Log In

You Might Also Like...

Show Comments

Extras

Top Quizzes Today


Score Distribution

Your Account Isn't Verified!

In order to create a playlist on Sporcle, you need to verify the email address you used during registration. Go to your Sporcle Settings to finish the process.

Report this User

Report this user for behavior that violates our Community Guidelines.

Details: